MDQL
is popping MORE tags! Check the
thread
!
Quizzes
Events
Quiz Creation
Community
Videos
Private Events
Remove Ads
Sign In
Join for FREE
Feedback
Dark Mode
Quiz Categories
Sports
Geography
Music
Movies
Television
Just For Fun
Miscellaneous
History
Literature
Language
Science
Gaming
Entertainment
Religion
Holiday
For Kids
Quiz Lab
Recent
Popular Today
Quiz Kudos Today
Editor Picks
Curator Picks
Quizzes by...
Day
Popularity
Type
Ratings
Length
Year
Community
Subscriptions
Recent Discussions
Orange Saloon
Badges
Playlists
Quests
Create
Leaderboards
Showdown
Live 5
Trivia Bingo
Activity
Puzzle Library
Sporcle Events
Private Events
Virtual Trivia
Globe League
Become a Host
Pub Owners
SporcleCon
Opinionation
Our Games
Videos
Blog
Mobile Apps
Partnerships
Remove Ads and Go Orange
Feedback
Sports
Athletes
MLB
NBA
NHL
NFL
Soccer
Sports Teams
WWE
NCAA
Football
Premier League
Basketball
Baseball
Hockey
Golf
Tennis
Cricket
Rugby
Auto Racing
Olympics
World Cup
Sports
Athletes
MLB
NBA
NHL
NFL
Soccer
Sports Teams
WWE
NCAA
Football
Premier League
Basketball
Baseball
Hockey
Golf
Tennis
Cricket
Rugby
Auto Racing
Olympics
World Cup
Random Quiz
Search Sporcle
×
Quiz Lab
Quiz Lab
Sports
Premier League
Click on answers out of a set of options
Click on answers out of a set of options
Multiple Choice
Best Score? Go Orange.
Premier League Title-Winning Players - Odd One Out Stats
Can you pick the player who was NOT part of the EPL title-winning squad in the given season?
By
OneoftheBhoys
8m
24 Questions
244 Plays
244 Plays
244 Plays
Comments
Comments
Give Quiz Kudos
Give Quiz Kudos
-
- Ratings
hide this ad
Random Order
Randomize order of answers
Randomize order of answers
Replay
Link that replays current quiz
Next Quiz
Link to next quiz in quiz playlist
You Got
0%
They Got
Avg Score
73%
Avg Friend Score
Upgrade to see
Score Distribution
Jump to the score distribution portion of the page
Score
0/24
Timer
08:00
0
Plays Today
Question
Answer
Wrong Answers
2015-16 Leicester City
Ahmed Musa
84.4%
Riyad Mahrez
2.9%
Wes Morgan
3.7%
Jamie Vardy
1.2%
2013/14 Manchester City
Robinho
82.8%
Joe Hart
1.6%
Pablo Zabaleta
2.5%
Fernandinho
5.3%
1994/95 Blackburn Rovers
Brad Friedel
82%
Alan Shearer
6.1%
Tim Sherwood
6.1%
Chris Sutton
4.5%
2014/15 Chelsea
Joe Cole
82%
Branislav Ivanović
2.5%
Ramires
2.5%
Cesc Fàbregas
5.3%
2001/02 Arsenal
Emmanuel Adebayor
81.1%
Patrick Vieira
2.5%
David Seaman
5.3%
Nwankwo Kanu
5.3%
1999/2000 Manchester United
Ashley Young
79.9%
Mark Bosnich
3.7%
Mikaël Silvestre
2%
Jordi Cruyff
9%
2004/05 Chelsea
Graeme Le Saux
79.5%
Damien Duff
5.3%
Frank Lampard
4.1%
Claude Makélélé
4.5%
2006/07 Manchester United
David Beckham
78.7%
Gabriel Heinze
8.2%
Cristiano Ronaldo
3.3%
Edwin van der Sar
2.9%
2007/08 Manchester United
Diego Forlán
77.5%
Patrice Evra
3.3%
Wayne Rooney
4.5%
Nemanja Vidić
7.8%
1992/93 Manchester United
Phil Neville
76.6%
Peter Schmeichel
6.6%
Gary Pallister
8.2%
Mark Hughes
8.6%
1997/98 Arsenal
Thierry Henry
75.4%
Lee Dixon
7.4%
Ian Wright
7%
Marc Overmars
6.1%
2008/09 Manchester United
Jonathan Greening
75%
Dimitar Berbatov
9.4%
Darren Fletcher
4.1%
Carlos Tevez
4.5%
2005/06 Chelsea
Marcel Desailly
74.2%
Petr Čech
4.1%
Michael Essien
4.9%
William Gallas
9.8%
2011/12 Manchester City
Stephen Ireland
73.8%
Vincent Kompany
2.9%
Yaya Touré
6.1%
Gareth Barry
9.8%
1993/94 Manchester United
Dwight Yorke
73.4%
Denis Irwin
7.4%
Steve Bruce
9%
Roy Keane
9.8%
2009/10 Chelsea
Oscar
72.1%
Didier Drogba
1.2%
Deco
13.1%
Nicolas Anelka
6.6%
2010/11 Manchester United
Kieran Richardson
72.1%
Javier Hernández
9.8%
Michael Carrick
2.9%
Rafael
7.4%
1998/99 Manchester United
Eric Cantona
68.9%
Jesper Blomqvist
18.9%
Ole Gunnar Solskjær
4.1%
Ryan Giggs
3.7%
2000/01 Manchester United
Dion Dublin
67.2%
Fabien Barthez
4.9%
Wes Brown
15.6%
Teddy Sheringham
6.1%
2003/04 Arsenal
Gilles Grimandi
67.2%
Fredrik Ljungberg
5.3%
Jens Lehmann
10.2%
Lauren
10.7%
2012/13 Manchester United
Michael Owen
66.4%
David de Gea
7.4%
Antonio Valencia
4.5%
Robin van Persie
13.9%
1996/97 Manchester United
Bryan Robson
65.2%
David Beckham
8.2%
Ronny Johnsen
9.8%
Karel Poborský
13.5%
2002/03 Manchester United
Teddy Sheringham
56.1%
Ruud van Nistelrooy
7.8%
John O'Shea
18%
Rio Ferdinand
11.9%
1995/96 Manchester United
Paul Ince
47.1%
Nicky Butt
13.1%
Brian McClair
34%
Gary Neville
4.5%
Quiz Playlist
Details
Report
Send in Message
Add To Playlist
Multiple Choice:
Click on answers out of a set of options
Random Order:
Randomize order of answers
Last Updated: Feb 16, 2017
Quiz Scoreboard
CHALLENGE
Sign Up to Join the Scoreboard
Show All
Scores
Hide
Comments
May contain spoilers
Recently Published
Holiday 10x10 Sorting Gallery
by lukepisani3
Holiday
15m
Two Season TV Shows II
by 123Four
Television
10m
Image Sorting: Flags VI
by Barbecue
Geography
2m
More to Explore
Quiz From the Vault
Featured Blog Post
14 Easter Pick-up Lines to Find Eggs With
hide this ad
You Might Also Like...
Tags
Premier League Quiz
English Soccer
Football Champions
Multiple Choice
National Champions
Odd One Out
Today's Top Quizzes in Sports
Browse Sports
hide this ad
Today's Top Quizzes in Premier League
Browse Premier League
Top Contributed Quizzes in Sports
1
Les meilleurs buteurs des matchs entre le PSG et l’OM
2
Les entraîneurs de l'OM et du PSG au 21e siècle
3
2022 World Cup Stars
4
Players with Multiple 50 Home Run Seasons
5
Les joueurs passés par le PSG et l'OM
6
FIFA Club World Cup Champions
7
Top 10 NHL Goal Scorers of All Time
8
Criteria MLB: Left Handed Sluggers
9
Les joueurs passés par le LOSC et le RC Lens
10
2023 MLB Unique Player Accomplishments
Explore More
Trending Topics
Crossword
Disney
Anime
Kpop
NBA
Harry Potter
Marvel
Soccer
WWE
Song
Puzzle
Pokémon
Country
NFL
The Office
hide this ad
More By:
OneoftheBhoys
Quiz
Plays
Rating
Category
Featured
Created
Disney Characters Minefield
546,136
4.30
Entertainment
Feb 21, 2016
Movie Quote Picture Click
196,449
4.72
Movies
Apr 20, 2016
Movie Quote Picture Click II
102,469
4.53
Movies
Jun 29, 2016
Movie Quote Picture Click III
96,037
4.68
Movies
Apr 26, 2017
World War II Leaders by Photo
78,580
4.71
History
Jan 1, 2016
Go to Creator's Profile
Score Distribution
Quiz Creator Spotlight
OneoftheBhoys
Follow
Send a Message
Quizzes Created
-
Created Quiz Play Count
-
More By This Creator
Popular Quizzes Today
1
Find the US States - No Outlines Minefield
2
Colored Red Africa Blitz
3
Find the 'City' Movie
4
The Countries of the World
5
Find the US States
6
5x2 Blitz: Bands
7
Find the Countries of Europe - No Outlines Minefield
8
US States
More Sports Quizzes
Sports - Country of Origin
Quiz Lab
Trending Quizzes
Colored Red Europe Blitz I
Colored Red Europe Blitz II
Colored Red Africa Blitz II
Colored Red Africa Blitz III
Colored Red Europe Blitz III
Recently Updated
Odd Team Out - Big 4 Players
pecheneg
Quick Pick: 20 Twenties
pecheneg
March Madness Men's Triple Doubles
pecheneg
How Do You Spell That?
pecheneg
Godzilla Movies
pecheneg
Grab Bag: 4-10 Letters
pecheneg
2024 March Madness Bracket
pecheneg
Famous TV Couples
Peacemaker
Champions League XIs: Real Madrid
pecheneg
Largest US Cities 1790-2010
pecheneg
Trending Topics
Marvel
NBA
Harry Potter
Crossword
Anime
Disney
Kpop
Song
The Office
Pokémon
Soccer
WWE
NFL
Puzzle
Country
Your Account Isn't Verified!
In order to create a playlist on Sporcle, you need to verify the email address you used during registration. Go to your
Sporcle Settings
to finish the process.
Report this User
Report this user for behavior that violates our
Community Guidelines
.
Details:
Send Report
Go to the Sporcle.com Mobile Site →
Comments